[Event "Cheliabinsk Vasenko Cup"]
[Site "Cheliabinsk"]
[Date "2017.06.03"]
[Round "8"]
[White "Bashkov, Viacheslav"]
[Black "Borisenko, Viacheslav"]
[Result "1/2-1/2"]
[WhiteElo "2252"]
[BlackElo "2288"]
[PlyCount "45"]
[EventDate "2017.05.27"]
[EventType "tourn"]
[EventRounds "9"]
[EventCountry "RUS"]
[EventCategory "4"]
[SourceTitle "EXT 2018"]
[Source "ChessBase"]
[SourceDate "2017.10.13"]
[SourceVersion "1"]
[SourceVersionDate "2017.10.13"]
[SourceQuality "1"]

1. e4 c5 2. Nf3 e6 3. d4 cxd4 4. Nxd4 Nf6 5. Nc3 Nc6 6. Ndb5 d6 7. Bf4 e5 8. Bg5 a6 9. Na3 b5 10. Nd5 Be7 11. Bxf6 Bxf6 12. c3 0-0 13. Nc2 Bg5 14. a4 bxa4 15. Rxa4 a5 16. Bc4 Rb8 17. Qa1 Kh8 18. 0-0 f5 19. exf5 Bxf5 20. Nce3 Bd7 21. b3 Qe8 22. Qb1 Qh5 23. Qd1 1/2-1/2

[Event "Cheliabinsk Vasenko Cup"]
[Site "Cheliabinsk"]
[Date "2017.06.01"]
[Round "6"]
[White "Bashkov, Viacheslav"]
[Black "Tosic, Miroslav"]
[Result "0-1"]
[WhiteElo "2252"]
[BlackElo "2405"]
[PlyCount "51"]
[EventDate "2017.05.27"]
[EventType "tourn"]
[EventRounds "9"]
[EventCountry "RUS"]
[EventCategory "4"]
[SourceTitle "EXT 2018"]
[Source "ChessBase"]
[SourceDate "2017.10.13"]
[SourceVersion "1"]
[SourceVersionDate "2017.10.13"]
[SourceQuality "1"]

1. e4 c5 2. Nc3 Nc6 3. f4 g6 4. Nf3 Bg7 5. Bc4 d6 6. 0-0 e6 7. d3 Nge7 8. Kh1 0-0 9. Qe1 Nd4 10. Nxd4 cxd4 11. Ne2 f5 12. Bd2 d5 13. exd5 Nxd5 14. Rb1 Qd6 15. Qg3 Bd7 16. Ng1 Nf6 17. a3 Rfe8 18. h3 Bc6 19. Bb4 Qd7 20. Qf2 Nh5 21. Ne2 Kh8 22. Bc5 e5 23. Qh4 Bxg2+ 24. Kxg2 Qc6+ 25. Kg1 Qxc5 26. b4 0-1

[Event "Cheliabinsk Vasenko Cup"]
[Site "Cheliabinsk"]
[Date "2017.05.28"]
[Round "2"]
[White "Frolov, Ivan"]
[Black "Bashkov, Viacheslav"]
[Result "1-0"]
[WhiteElo "2333"]
[BlackElo "2252"]
[PlyCount "43"]
[EventDate "2017.05.27"]
[EventType "tourn"]
[EventRounds "9"]
[EventCountry "RUS"]
[EventCategory "4"]
[SourceTitle "EXT 2018"]
[Source "ChessBase"]
[SourceDate "2017.10.13"]
[SourceVersion "1"]
[SourceVersionDate "2017.10.13"]
[SourceQuality "1"]

1. e4 e6 2. d4 d5 3. Nd2 Nf6 4. Bd3 c5 5. e5 Nfd7 6. c3 Nc6 7. Ngf3 Qb6 8. 0-0 cxd4 9. cxd4 Nxd4 10. Nxd4 Qxd4 11. Nf3 Qb6 12. Qa4 Be7 13. Qg4 g6 14. Bh6 f5 15. exf6 Bxf6 16. Rfe1 e5 17. Rac1 Nc5 18. Bxg6+ Kd8 19. Bf5 e4 20. Be3 d4 21. Bxd4 Bxd4 22. Nxd4 1-0

[Event "Cheliabinsk Kibizov Memorial 6th"]
[Site "Cheliabinsk"]
[Date "2011.07.01"]
[Round "8"]
[White "Bashkov, Viacheslav"]
[Black "Matsenko, Vadim"]
[Result "1-0"]
[WhiteElo "2310"]
[BlackElo "2176"]
[PlyCount "59"]
[EventDate "2011.06.24"]
[EventType "swiss"]
[EventRounds "9"]
[EventCountry "RUS"]
[SourceTitle "EXT 2022"]
[Source "ChessBase"]
[SourceDate "2021.10.06"]
[SourceVersion "1"]
[SourceVersionDate "2021.10.06"]
[SourceQuality "1"]

1. d4 Nf6 2. Nf3 e6 3. c4 b6 4. Nc3 Bb7 5. a3 Be7 6. d5 0-0 7. e4 exd5 8. cxd5 d6 9. Bd3 Nbd7 10. 0-0 Nc5 11. Bc2 a5 12. Re1 Re8 13. Nd4 g6 14. Bh6 Qd7 15. h3 Bf8 16. Qd2 Bxh6 17. Qxh6 Qe7 18. Rad1 Qf8 19. Qf4 Qg7 20. Re3 Nh5 21. Qg4 Bc8 22. Qf3 Qf6 23. Ncb5 Na6 24. Qe2 Nf4 25. Qc4 Re5 26. Nf3 Rh5 27. Qc6 Rb8 28. e5 Bb7 29. Qxb7 dxe5 30. Qc6 1-0

[Event "Cheliabinsk-ch"]
[Site "Cheliabinsk"]
[Date "2011.02.27"]
[Round "2"]
[White "Tsiulin, Viktor"]
[Black "Bashkov, Viacheslav"]
[Result "1/2-1/2"]
[WhiteElo "2106"]
[BlackElo "2307"]
[PlyCount "20"]
[EventDate "2011.02.26"]
[EventType "swiss"]
[EventRounds "9"]
[EventCountry "RUS"]
[SourceTitle "CBM 141 Extra"]
[Source "ChessBase"]
[SourceDate "2011.05.03"]
[SourceVersion "1"]
[SourceVersionDate "2011.05.03"]
[SourceQuality "1"]

1. e4 c5 2. Nc3 e6 3. g3 Nc6 4. Bg2 Nf6 5. f4 d5 6. d3 Be7 7. Nf3 0-0 8. 0-0 Rb8 9. Ne5 Na5 10. g4 d4 1/2-1/2

[Event "Cheliabinsk-ch"]
[Site "Cheliabinsk"]
[Date "2011.02.26"]
[Round "1"]
[White "Bashkov, Viacheslav"]
[Black "Yurkov, Nikolay"]
[Result "1-0"]
[WhiteElo "2307"]
[BlackElo "1949"]
[PlyCount "46"]
[EventDate "2011.02.26"]
[EventType "swiss"]
[EventRounds "9"]
[EventCountry "RUS"]
[SourceTitle "CBM 141 Extra"]
[Source "ChessBase"]
[SourceDate "2011.05.03"]
[SourceVersion "1"]
[SourceVersionDate "2011.05.03"]
[SourceQuality "1"]

1. e4 c6 2. d4 d5 3. exd5 cxd5 4. c4 e6 5. Nc3 Nf6 6. Nf3 Be7 7. Bd3 dxc4 8. Bxc4 0-0 9. 0-0 Nbd7 10. Bb3 a6 11. Qe2 b5 12. Rd1 Qc7 13. Bg5 Nb6 14. Rac1 Qb7 15. Ne5 Nfd5 16. Bd2 f6 17. Nf3 Bd6 18. Ne4 Qb8 19. Nc5 Re8 20. Ba5 Nc4 21. Bxc4 bxc4 22. Qxc4 Nf4 23. Bd2 Nd5 1-0

[Event "Cheliabinsk Chess School Cup op"]
[Site "Cheliabinsk"]
[Date "2009.12.02"]
[Round "3"]
[White "Bashkov, Viacheslav"]
[Black "Dyatlov, Vadim"]
[Result "1-0"]
[WhiteElo "2318"]
[BlackElo "2008"]
[PlyCount "63"]
[EventDate "2009.11.30"]
[EventType "swiss"]
[EventRounds "9"]
[EventCountry "RUS"]
[SourceTitle "EXT 2012"]
[Source "ChessBase"]
[SourceDate "2011.11.24"]
[SourceVersion "1"]
[SourceVersionDate "2011.11.24"]
[SourceQuality "1"]

1. e4 c5 2. Nc3 d6 3. f4 Nc6 4. Bc4 e6 5. Nf3 g6 6. 0-0 Bg7 7. d3 Nge7 8. Qe1 a6 9. a3 b5 10. Ba2 Nd4 11. Nxd4 cxd4 12. Ne2 0-0 13. Qf2 Nc6 14. Bd2 Rb8 15. Kh1 Kh8 16. Rac1 b4 17. a4 Qa5 18. Bb3 Qh5 19. f5 Be5 20. Bf4 gxf5 21. Ng3 Qg4 22. Bxe5+ dxe5 23. exf5 Na5 24. fxe6 Nxb3 25. e7 Re8 26. Qxf7 Be6 27. Qf6+ Qg7 28. Qxe6 Nxc1 29. Rf7 Qg6 30. Qxe5+ Kg8 31. Rf6 Qg4 32. h3 1-0

[Event "Cheliabinsk Panchenko Memorial 1st"]
[Site "Cheliabinsk"]
[Date "2009.10.08"]
[Round "3"]
[White "Bobotkov, Vladimir"]
[Black "Bashkov, Viacheslav"]
[Result "1/2-1/2"]
[WhiteElo "2145"]
[BlackElo "2303"]
[PlyCount "28"]
[EventDate "2009.10.06"]
[EventType "swiss"]
[EventRounds "9"]
[EventCountry "RUS"]
[SourceTitle "EXT 2010"]
[Source "ChessBase"]
[SourceDate "2010.11.25"]
[SourceVersion "1"]
[SourceVersionDate "2010.11.25"]
[SourceQuality "1"]

1. d4 d5 2. Nf3 Nf6 3. g3 e6 4. Bg2 Be7 5. 0-0 0-0 6. c4 dxc4 7. Ne5 Nc6 8. Nxc6 bxc6 9. Bxc6 Rb8 10. Bg2 Bb7 11. Nc3 Bxg2 12. Kxg2 c5 13. dxc5 Bxc5 14. Qc2 Qe7 1/2-1/2

[Event "Cheliabinsk Panchenko Memorial 1st"]
[Site "Cheliabinsk"]
[Date "2009.10.06"]
[Round "1"]
[White "Khazhipov, Timur"]
[Black "Bashkov, Viacheslav"]
[Result "0-1"]
[WhiteElo "1906"]
[BlackElo "2303"]
[PlyCount "74"]
[EventDate "2009.10.06"]
[EventType "swiss"]
[EventRounds "9"]
[EventCountry "RUS"]
[SourceTitle "EXT 2010"]
[Source "ChessBase"]
[SourceDate "2010.11.25"]
[SourceVersion "1"]
[SourceVersionDate "2010.11.25"]
[SourceQuality "1"]

1. e4 c5 2. Nf3 e6 3. d4 cxd4 4. Nxd4 Nc6 5. Be2 Nf6 6. Nc3 Qc7 7. 0-0 a6 8. Be3 Bb4 9. Na4 0-0 10. Nxc6 bxc6 11. Nb6 Rb8 12. Nxc8 Rfxc8 13. Bxa6 Rd8 14. Bd3 Bd6 15. f4 e5 16. f5 Rxb2 17. g4 h6 18. h4 Bf8 19. g5 Nd5 20. exd5 e4 21. Qg4 exd3 22. gxh6 Rxc2 23. Bf4 Qa5 24. Bd6 Qd2 25. Bf4 Qe2 26. Qg3 Qe4 27. Be3 Re8 28. Bf2 Qxd5 29. Qg5 Ree2 30. hxg7 Bd6 31. Rab1 Qe5 32. Qd8+ Kxg7 33. Qg5+ Kh7 34. Qh5+ Kg8 35. Qg5+ Qg7 36. Qxg7+ Kxg7 37. a4 Bc5 0-1

[Event "Cheliabinsk Kibizov Memorial 4th"]
[Site "Cheliabinsk"]
[Date "2009.06.23"]
[Round "3"]
[White "Sultanov, Ruslan"]
[Black "Bashkov, Viacheslav"]
[Result "0-1"]
[WhiteElo "1961"]
[BlackElo "2320"]
[PlyCount "78"]
[EventDate "2009.06.21"]
[EventType "swiss"]
[EventRounds "9"]
[EventCountry "RUS"]
[SourceTitle "EXT 2012"]
[Source "ChessBase"]
[SourceDate "2011.11.24"]
[SourceVersion "1"]
[SourceVersionDate "2011.11.24"]
[SourceQuality "1"]

1. e4 c5 2. Nc3 e6 3. f4 Nc6 4. Nf3 a6 5. g3 d5 6. Bg2 Nf6 7. d3 Be7 8. 0-0 0-0 9. a4 Rb8 10. Ne5 Nb4 11. Na2 Bd7 12. Nxd7 Qxd7 13. Nxb4 cxb4 14. e5 Ne8 15. f5 exf5 16. Qf3 Nc7 17. Qxf5 Bc5+ 18. Kh1 Qxf5 19. Rxf5 Bd4 20. Rf4 Ne6 21. Rf1 Rfd8 22. Re1 Rbc8 23. Re2 Rc7 24. Rb1 Ba7 25. Bf4 g5 26. Bd2 Rxc2 27. Bh3 Re8 28. Bxe6 Rxe6 29. b3 Bd4 30. Rg2 Rxe5 31. Bxb4 Rxg2 32. Kxg2 Re2+ 33. Kf3 Rxh2 34. Rc1 h5 35. Be1 Ra2 36. a5 Ra1 37. Rc8+ Kg7 38. Bd2 Rf1+ 39. Kg2 Rf2+ 0-1

[Event "Gagra op"]
[Site "Gagra"]
[Date "2008.09.21"]
[Round "4"]
[White "Uryupin, Igor Nikolaevich"]
[Black "Bashkov, Viacheslav"]
[Result "1/2-1/2"]
[WhiteElo "2255"]
[BlackElo "2316"]
[PlyCount "36"]
[EventDate "2008.09.18"]
[EventType "swiss"]
[EventRounds "9"]
[EventCountry "GEO"]
[SourceTitle "EXT 2011"]
[Source "ChessBase"]
[SourceDate "2010.11.26"]
[SourceVersion "1"]
[SourceVersionDate "2010.11.26"]
[SourceQuality "1"]

1. c4 e6 2. Nf3 d5 3. g3 dxc4 4. Qa4+ Nd7 5. Bg2 a6 6. Qxc4 b5 7. Qc2 Bb7 8. 0-0 c5 9. a4 Ngf6 10. d3 Be7 11. Nc3 Bc6 12. e4 0-0 13. Rd1 Qc7 14. b3 Qb7 15. axb5 axb5 16. Bb2 Rac8 17. Qe2 Rfd8 18. Re1 Bf8 1/2-1/2

[Event "Gagra op"]
[Site "Gagra"]
[Date "2008.09.20"]
[Round "3"]
[White "Bashkov, Viacheslav"]
[Black "Inozemtsev, Arsen"]
[Result "1-0"]
[WhiteElo "2316"]
[BlackElo "2118"]
[PlyCount "103"]
[EventDate "2008.09.18"]
[EventType "swiss"]
[EventRounds "9"]
[EventCountry "GEO"]
[SourceTitle "EXT 2011"]
[Source "ChessBase"]
[SourceDate "2010.11.26"]
[SourceVersion "1"]
[SourceVersionDate "2010.11.26"]
[SourceQuality "1"]

1. e4 e5 2. Nf3 Nc6 3. Bb5 a6 4. Ba4 Nf6 5. 0-0 b5 6. Bb3 Be7 7. Re1 0-0 8. a4 Rb8 9. axb5 axb5 10. c3 d6 11. h3 Bb7 12. d4 Ra8 13. Rxa8 Bxa8 14. Nbd2 Na5 15. Bc2 Nd7 16. Bd3 Nc4 17. dxe5 Ndxe5 18. Nxe5 dxe5 19. Nxc4 bxc4 20. Bxc4 Bxe4 21. Qg4 Bg6 22. Rxe5 Bd6 23. Re1 Qc8 24. Qxc8 Rxc8 25. b4 Kf8 26. Kf1 f6 27. Be3 Ra8 28. Bd4 Bf7 29. Bxf7 Kxf7 30. Ke2 Ra3 31. Kd2 h5 32. Kc2 g5 33. Kb2 Ra8 34. Kb3 g4 35. hxg4 hxg4 36. c4 c6 37. c5 Bc7 38. Ra1 Rxa1 39. Bxa1 Ke6 40. Kc4 f5 41. Bd4 Bb8 42. f3 gxf3 43. gxf3 Bc7 44. Bf2 Bf4 45. b5 cxb5+ 46. Kxb5 Kd7 47. c6+ Kc7 48. Kc5 Bh2 49. Kd5 Kd8 50. Bc5 Kc7 51. Bd4 Kc8 52. Be5 1-0

[Event "Cheliabinsk Cup"]
[Site "Cheliabinsk"]
[Date "2008.09.08"]
[Round "7"]
[White "Dvoirys, Semen I"]
[Black "Bashkov, Viacheslav"]
[Result "1/2-1/2"]
[WhiteElo "2553"]
[BlackElo "2316"]
[PlyCount "93"]
[EventDate "2008.09.02"]
[EventType "swiss"]
[EventRounds "9"]
[EventCountry "RUS"]
[SourceTitle "EXT 2010"]
[Source "ChessBase"]
[SourceDate "2010.11.25"]
[SourceVersion "1"]
[SourceVersionDate "2010.11.25"]
[SourceQuality "1"]

1. e4 c5 2. Nf3 e6 3. d4 cxd4 4. Nxd4 Nc6 5. Nc3 a6 6. f4 Nxd4 7. Qxd4 Qc7 8. Be3 b5 9. Be2 Bb7 10. 0-0 Rc8 11. Rf2 Nf6 12. e5 Nd5 13. Nxd5 Bxd5 14. a4 Bc5 15. Qxc5 Qxc5 16. Bxc5 Rxc5 17. axb5 axb5 18. Bxb5 Rxb5 19. c4 Rb8 20. cxd5 exd5 21. Ra5 Ke7 22. Rxd5 Rhc8 23. h4 Rc1+ 24. Kh2 Rb1 25. Rfd2 Rb7 26. h5 R1xb2 27. Rxd7+ Rxd7 28. Rxb2 f6 29. exf6+ Kxf6 30. g4 h6 31. Rb3 Rd6 32. Kg3 Ra6 33. Rb4 Ra1 34. Rb6+ Kf7 35. g5 hxg5 36. fxg5 Rg1+ 37. Kf4 Rf1+ 38. Ke4 Re1+ 39. Kd5 Rd1+ 40. Kc6 Ke6 41. Rb5 Rc1+ 42. Kb7 Rh1 43. g6 Kf6 44. Kc7 Rd1 45. Kc6 Rd2 46. Rb7 Kg5 47. Rxg7 1/2-1/2

[Event "Cheliabinsk Postovalov Memorial 2nd"]
[Site "Cheliabinsk"]
[Date "2008.01.06"]
[Round "6"]
[White "Matsenko, Vadim"]
[Black "Bashkov, Viacheslav"]
[Result "0-1"]
[WhiteElo "2175"]
[BlackElo "2319"]
[PlyCount "44"]
[EventDate "2008.01.02"]
[EventType "swiss"]
[EventRounds "9"]
[EventCountry "RUS"]
[SourceTitle "CBM 122 Extra"]
[Source "ChessBase"]
[SourceDate "2008.03.04"]
[SourceVersion "1"]
[SourceVersionDate "2008.03.04"]
[SourceQuality "1"]

1. e4 e6 2. d4 d5 3. e5 c5 4. c3 Nc6 5. Nf3 Bd7 6. Be2 Qc7 7. 0-0 f6 8. Re1 fxe5 9. Nxe5 Nxe5 10. dxe5 0-0-0 11. Bg5 Ne7 12. f4 h6 13. Bh4 Rg8 14. Na3 g5 15. fxg5 Nf5 16. Bf2 Rxg5 17. Bd3 Bc6 18. Nb5 Bxb5 19. Bxb5 c4 20. Bxa7 Bc5+ 21. Bxc5 Qxc5+ 22. Kh1 Qxb5 0-1

[Event "Cheliabinsk Postovalov Memorial 2nd"]
[Site "Cheliabinsk"]
[Date "2008.01.05"]
[Round "4"]
[White "Safronov, Sergey"]
[Black "Bashkov, Viacheslav"]
[Result "1/2-1/2"]
[WhiteElo "2265"]
[BlackElo "2319"]
[PlyCount "22"]
[EventDate "2008.01.02"]
[EventType "swiss"]
[EventRounds "9"]
[EventCountry "RUS"]
[SourceTitle "CBM 122 Extra"]
[Source "ChessBase"]
[SourceDate "2008.03.04"]
[SourceVersion "1"]
[SourceVersionDate "2008.03.04"]
[SourceQuality "1"]

1. c4 e6 2. Nf3 c5 3. d4 d5 4. cxd5 exd5 5. Nc3 Nc6 6. g3 Nf6 7. Bg2 Be7 8. 0-0 0-0 9. Bg5 c4 10. b3 cxb3 11. Qxb3 Na5 1/2-1/2

[Event "Cheliabinsk Postovalov Memorial 2nd"]
[Site "Cheliabinsk"]
[Date "2008.01.04"]
[Round "3"]
[White "Bashkov, Viacheslav"]
[Black "Matsenko, Elena"]
[Result "1/2-1/2"]
[WhiteElo "2319"]
[BlackElo "2060"]
[PlyCount "28"]
[EventDate "2008.01.02"]
[EventType "swiss"]
[EventRounds "9"]
[EventCountry "RUS"]
[SourceTitle "CBM 122 Extra"]
[Source "ChessBase"]
[SourceDate "2008.03.04"]
[SourceVersion "1"]
[SourceVersionDate "2008.03.04"]
[SourceQuality "1"]

1. d4 d5 2. c4 e6 3. Nc3 Nf6 4. Bg5 Nbd7 5. Nf3 c6 6. e3 Be7 7. Rc1 0-0 8. Bd3 dxc4 9. Bxc4 Nd5 10. Bxe7 Qxe7 11. 0-0 Nxc3 12. bxc3 e5 13. Nxe5 Nxe5 14. dxe5 Qxe5 1/2-1/2